مكتبة جامعة عجلون الوطنية

فهرس بحث المكتبة

آفات الصحة العامة : الادارة المتكاملة للوقاية والطرق العملية للمكافحة / (Record no. 33187)

MARC details
000 -LEADER
fixed length control field 00826nam a22002057a 4500
003 - CONTROL NUMBER IDENTIFIER
control field JO-AjAnu
005 - DATE AND TIME OF LATEST TRANSACTION
control field 20231202093330.0
008 - FIXED-LENGTH DATA ELEMENTS--GENERAL INFORMATION
fixed length control field 231128b jo ||||| |||| 00| 0 ara d
015 ## - NATIONAL BIBLIOGRAPHY NUMBER
Source 208/3/604
040 ## - CATALOGING SOURCE
Original cataloging agency JO-AjAnu
Language of cataloging ARA
Transcribing agency JO-AjAnu
041 ## - LANGUAGE CODE
Language code of text/sound track or separate title ARA
050 ## - LIBRARY OF CONGRESS CALL NUMBER
Classification number SB951.
-- K42
-- 2008
100 1# - MAIN ENTRY--PERSONAL NAME
Personal name العادل، خالد محمد
9 (RLIN) 64523
Relator term مؤلف
245 #1 - TITLE STATEMENT
Title آفات الصحة العامة : الادارة المتكاملة للوقاية والطرق العملية للمكافحة /
Statement of responsibility, etc. خالد محمد العادل
250 ## - EDITION STATEMENT
Edition statement الطبعة الاولى
260 ## - PUBLICATION, DISTRIBUTION, ETC.
Place of publication, distribution, etc. عمان :
Name of publisher, distributor, etc. مطبعة السنابل،
Date of publication, distribution, etc. 2008
300 ## - PHYSICAL DESCRIPTION
Extent 222صفحة
650 70 - SUBJECT ADDED ENTRY--TOPICAL TERM
Topical term or geographic name entry element الرعاية الصحية- الامراض- الوقاية- مكافحة الآفات- الآفات الحشرية
9 (RLIN) 64560
942 ## - ADDED ENTRY ELEMENTS (KOHA)
Source of classification or shelving scheme Library of Congress Classification
Koha item type Books
Suppress in OPAC No
Holdings
Withdrawn status Lost status Source of classification or shelving scheme Damaged status Not for loan Home library Current library Date acquired Total Checkouts Full call number Barcode Date last seen Price effective from Koha item type
    Library of Congress Classification     مكتبة جامعة عجلون الوطنية مكتبة جامعة عجلون الوطنية 28/11/2023   SB951.K42 2008 A29762 28/11/2023 28/11/2023 Books
    Library of Congress Classification     مكتبة جامعة عجلون الوطنية مكتبة جامعة عجلون الوطنية 28/11/2023   SB951.K42 2008 A29763 28/11/2023 28/11/2023 Books